[Event "AUTO-ADV-4905"]
[Site "http://www.queenalice.com/game.php?id=1865972"]
[Date "2025.11.22"]
[Round "1"]
[White "altair"]
[Black "EdsonEstevam"]
[Result "1-0"]
[WhiteElo "1814"]
[BlackElo "1712"]

1. e4 e5 2. Nf3 Nc6 3. d3 Nf6 4. a3 h6 5. h3 d5 6. exd5 Qxd5 7. c4 Qd6 8. Be2
Bf5 9. O-O Nh5 10. b4 Nd4 11. Bb2 g5 12. Nxd4 exd4 13. Nd2 Nf4 14. Nf3 g4 15.
Nxd4 Qg6 16. hxg4 Nxe2+ 17. Qxe2+ Be7 18. Nxf5 O-O 19. Qe5 Bf6 20. Qe3 Bxb2 21.
Ne7+ Kg7 22. Nxg6 Rae8 23. Qxa7 fxg6 24. Rab1 Be5 25. d4 Bxd4 26. Qxd4+ Kh7 27.
Rbe1 1-0

[Event "AUTO-ADV-4905"]
[Site "http://www.queenalice.com/game.php?id=1865987"]
[Date "2025.11.22"]
[Round "1"]
[White "rocha"]
[Black "altair"]
[Result "0-1"]
[WhiteElo "1690"]
[BlackElo "1741"]

1. b3 e5 2. d4 e4 3. Be3 d5 4. Nh3 h6 5. Bf4 Nc6 6. c3 Nf6 7. e3 Nh7 8. Be2 Be6
9. Nd2 a6 10. Bg4 Bxg4 11. Qxg4 Nf6 12. Qh4 Be7 13. Qg3 Nh7 14. Qxg7 Bf6 15.
Qxh6 Nf8 16. Bxc7 Qe7 17. Qf4 Ng6 18. Qd6 Nh4 0-1

[Event "AUTO-ADV-4905"]
[Site "http://www.queenalice.com/game.php?id=1865988"]
[Date "2025.11.22"]
[Round "1"]
[White "altair"]
[Black "rocha"]
[Result "1-0"]
[WhiteElo "1755"]
[BlackElo "1676"]

1. e4 e5 2. Nf3 f6 3. Bc4 Qe7 4. Nc3 c6 5. O-O Qc5 6. d3 Ne7 7. Be3 Qb4 8. Bb3
Ng6 9. a3 Qa5 10. h3 d6 11. Bd2 Bd7 12. Na2 Qb6 13. Nc3 Na6 14. Na4 Qc7 15. c3
Qc8 16. c4 Nh4 17. Nxh4 1-0

[Event "AUTO-ADV-4905"]
[Site "http://www.queenalice.com/game.php?id=1865999"]
[Date "2025.11.22"]
[Round "1"]
[White "altair"]
[Black "marcoswerneck"]
[Result "1-0"]
[WhiteElo "1751"]
[BlackElo "1935"]

1. e4 e5 2. Nf3 d6 3. h3 a6 4. Nc3 Nc6 5. a3 Nf6 6. d3 h6 7. Be2 Be6 8. O-O g5
9. b4 b5 10. Na2 g4 11. hxg4 Nxg4 12. Nh2 Nxh2 13. Kxh2 Nd4 14. Be3 Nc6 15. d4
exd4 16. Bxd4 Rg8 17. g3 Nxd4 18. Qxd4 Bg7 19. e5 Bxe5 20. Qd2 c6 21. c3 Qe7 22.
Bf3 d5 23. Rfe1 Qh4+ 24. Kg1 Kd7 25. Rxe5 f5 26. Qe3 Rg6 27. Nc1 Kd6 28. Kf1 Qf6
29. Nd3 Re8 30. Qc5+ Kc7 31. Bh5 Rxg3 32. Bxe8 Bd7 33. Qa7+ 1-0

[Event "AUTO-ADV-4905"]
[Site "http://www.queenalice.com/game.php?id=1866000"]
[Date "2025.11.22"]
[Round "1"]
[White "marcoswerneck"]
[Black "altair"]
[Result "1-0"]
[WhiteElo "1885"]
[BlackElo "1750"]

1. e4 e5 2. d3 h6 3. a3 d6 4. h3 Nf6 5. Nc3 c6 6. Nf3 g5 7. Be3 Be6 8. Be2 Nbd7
9. Qd2 Qc7 10. g4 a6 11. d4 O-O-O 12. d5 cxd5 13. exd5 Bxd5 14. Nxd5 Nxd5 15. c4
N5b6 16. b4 Kb8 17. b5 Nc5 18. bxa6 Nxa6 19. Rb1 Nxc4 20. Qc3 d5 21. Bd2 Bg7 22.
O-O Rhg8 23. Bxc4 dxc4 24. Qc2 Qc6 25. Qf5 Qd5 26. Rb6 e4 27. Qxd5 Rxd5 28. Be3
c3 29. Rfb1 Rd7 30. Rxa6 Rgd8 31. Ba7+ Ka8 32. Ra5 Rc8 33. Be3+ Kb8 34. Ne1 c2
35. Rc1 Rd1 36. Ba7+ Ka8 37. Be3+ Kb8 38. Kf1 Bb2 39. Ba7+ Ka8 40. Bd4+ Kb8 41.
Bxb2 Rxc1 42. Bxc1 b6 43. Rf5 Rc7 44. Ke2 Ka7 45. Re5 1-0

[Event "AUTO-ADV-4896"]
[Site "http://www.queenalice.com/game.php?id=1866047"]
[Date "2025.11.23"]
[Round "2"]
[White "maurice916"]
[Black "altair"]
[Result "0-1"]
[WhiteElo "2046"]
[BlackElo "1739"]

1. Nf3 d6 2. b3 h6 3. Bb2 e5 4. d3 Nf6 5. e4 Be7 6. Nbd2 Nc6 7. g3 O-O 8. Bg2 b6
9. O-O Bb7 10. Re1 d5 11. exd5 Nxd5 12. Nxe5 Bf6 13. Nxc6 Bxc6 14. Bxf6 Qxf6 15.
Ne4 Qf5 16. h3 Rfe8 17. g4 Qf4 18. f3 Ne3 19. Qe2 Nd5 20. Qf2 Nb4 21. a3 Nd5 22.
c4 Nf6 23. Nxf6+ Qxf6 24. Rac1 Rxe1+ 25. Rxe1 Rd8 26. Re3 Qa1+ 27. Kh2 Qxa3 28.
Qc2 Qd6+ 29. Kg1 a6 30. Kf2 b5 31. c5 Qf4 32. Re4 Bxe4 33. dxe4 Rd2+ 34. Qxd2
Qxd2+ 35. Kg3 Qc3 36. e5 Qxc5 37. f4 Qc3+ 38. Kh2 Qxb3 39. h4 Qe3 0-1

[Event "AUTO-ADV-4896"]
[Site "http://www.queenalice.com/game.php?id=1866048"]
[Date "2025.11.23"]
[Round "2"]
[White "altair"]
[Black "maurice916"]
[Result "0-1"]
[WhiteElo "1762"]
[BlackElo "2069"]

1. e4 c6 2. d4 d5 3. e5 Bf5 4. Nc3 e6 5. Nge2 c5 6. h3 h6 7. Be3 Nc6 8. Ng3 Bg6
9. Be2 cxd4 10. Bxd4 Nxd4 11. Qxd4 a6 12. Bd3 Bxd3 13. Qxd3 Bb4 14. O-O Ne7 15.
a3 Ba5 16. b4 Bb6 17. a4 Rc8 18. a5 Ba7 19. b5 O-O 20. bxa6 bxa6 21. Nce2 Nc6
22. Rac1 Qxa5 23. Kh1 Nxe5 24. Qe3 Bxe3 25. fxe3 Qd2 26. c3 Qxe3 27. Kh2 Nd3 28.
Rcd1 Nf2 29. Rde1 Ne4 30. Rf3 Qd2 31. Ref1 Nxg3 32. Nxg3 Rxc3 33. R1f2 Qd4 34.
Nh5 Rxf3 35. Rxf3 Qe5+ 36. Ng3 a5 37. Kg1 Qd4+ 38. Kh2 Rb8 39. Ra3 a4 40. Rf3
Rb3 0-1

[Event "AUTO-ADV-4896"]
[Site "http://www.queenalice.com/game.php?id=1866051"]
[Date "2025.11.23"]
[Round "2"]
[White "Connor"]
[Black "altair"]
[Result "1-0"]
[WhiteElo "1865"]
[BlackElo "1807"]

1. d4 d5 2. e3 a6 3. c4 e6 4. Nf3 h6 5. Nc3 Nf6 6. cxd5 exd5 7. a3 c6 8. b4 Be7
9. Bd3 O-O 10. O-O Nbd7 11. Na4 b6 12. Nd2 b5 13. Nc5 Nh7 14. e4 dxe4 15. Bxe4
Nb8 16. Nf3 Qd6 17. Bxh7+ Kxh7 18. Ne5 Bd8 19. Qd3+ Kh8 20. Bf4 Qf6 21. Bg3 Bf5
22. Qf3 Re8 23. Rfe1 Bc7 24. Ng6+ Kh7 25. Rxe8 Qxg6 26. Bxc7 Qf6 27. Rxb8 Rxb8
28. Bxb8 Qxd4 29. Qxf5+ Kg8 30. Re1 g6 31. Qc8+ Kg7 32. Be5+ 1-0

[Event "AUTO-ADV-4896"]
[Site "http://www.queenalice.com/game.php?id=1866052"]
[Date "2025.11.23"]
[Round "2"]
[White "altair"]
[Black "Connor"]
[Result "1-0"]
[WhiteElo "1766"]
[BlackElo "1864"]

1. e4 e5 2. Nf3 d6 3. h3 Nf6 4. d3 Be7 5. Be2 Nc6 6. a3 a6 7. Nc3 O-O 8. O-O Nd4
9. Be3 Nxe2+ 10. Qxe2 b5 11. b4 Bb7 12. d4 exd4 13. Bxd4 c5 14. bxc5 dxc5 15.
Bxf6 Bxf6 16. Rad1 Qa5 17. Nd5 Bd8 18. Qe3 c4 19. Ne5 Bxd5 20. exd5 Bb6 21. Qf3
Bc5 22. Rfe1 Qxa3 23. Ra1 Qxf3 24. Nxf3 f6 25. Rad1 Rfe8 26. Nd2 Rxe1+ 27. Rxe1
a5 28. Ne4 Re8 29. Kf1 Bb6 30. d6 f5 31. Nc3 Rxe1+ 32. Kxe1 b4 33. Nd5 Bd8 34.
Ne3 b3 35. cxb3 cxb3 36. Kd1 a4 37. Nc4 Kf7 38. Kc1 Ke6 39. Kb2 g6 40. Ka3 Kd5
41. Nb2 Kxd6 42. Kxa4 Ke5 43. Kxb3 g5 44. Nd3+ Ke4 45. Kc3 h5 46. Kd2 f4 47. f3+
Kd4 48. Nf2 Kc4 49. Nd3 Kd4 50. Nf2 Kc4 51. Ne4 Kd4 52. g3 fxg3 53. Nxg3 h4 54.
Ne2+ Ke5 55. Ke3 Bb6+ 56. Kd3 Bf2 57. Nc3 Kf4 58. Ke2 Ba7 59. Ne4 Bd4 60. Nf2
Kg3 61. Ne4+ Kf4 62. Kd3 Bg1 63. Ke2 Bh2 64. Kf2 Ke5 65. Nxg5 1-0

[Event "AUTO-ADV-4896"]
[Site "http://www.queenalice.com/game.php?id=1866053"]
[Date "2025.11.23"]
[Round "2"]
[White "Daniel1962"]
[Black "altair"]
[Result "1-0"]
[WhiteElo "1744"]
[BlackElo "1768"]

1. g3 e5 2. Bg2 d5 3. e4 d4 4. d3 h6 5. Nd2 Nf6 6. Ngf3 Nc6 7. Nc4 Bd6 8. Nxd6+
Qxd6 9. Nh4 O-O 10. Nf5 Bxf5 11. exf5 Qd7 12. Bxc6 Qxc6 13. f3 Qd7 14. g4 Rae8
15. h4 c5 16. g5 Nh5 17. gxh6 gxh6 18. Bxh6 Ng7 19. Rg1 Kh7 20. Bxg7 Rg8 21. f6
Qf5 22. Rg5 Qf4 23. Rg4 Qe3+ 24. Qe2 Re6 25. Qxe3 dxe3 26. O-O-O Rd8 27. Rh1 Rc6
28. h5 c4 29. dxc4 Rd4 30. c3 Rxg4 31. fxg4 Rxc4 32. g5 Rg4 33. g6+ fxg6 34. h6
e4 35. f7 Rf4 36. f8=Q Rxf8 37. Bxf8 1-0

[Event "AUTO-ADV-4896"]
[Site "http://www.queenalice.com/game.php?id=1866054"]
[Date "2025.11.23"]
[Round "2"]
[White "altair"]
[Black "Daniel1962"]
[Result "0-1"]
[WhiteElo "1786"]
[BlackElo "1735"]

1. e4 e5 2. Nf3 d6 3. h3 Nf6 4. d3 Nc6 5. a3 Nd4 6. Be2 Be7 7. O-O Nh5 8. Be3
Nxf3+ 9. Bxf3 Nf4 10. Qd2 g5 11. Nc3 h5 12. Bxf4 exf4 13. Rfe1 g4 14. hxg4 Bxg4
15. Bxg4 hxg4 16. Qxf4 Qd7 17. Nd5 O-O-O 18. e5 dxe5 19. Qxe5 Rde8 20. Qd4 Qd6
21. Qxg4+ Kb8 22. Nxe7 Rxe7 23. Rxe7 Qxe7 24. Qd4 Qd8 25. Qc3 Qh4 26. Kf1 Re8
27. f3 Qh1+ 28. Kf2 Qxa1 29. Kg3 Rg8+ 30. Kf2 Qh1 31. Qe1 Qxg2+ 0-1

[Event "Challenge"]
[Site "http://www.queenalice.com/game.php?id=1866154"]
[Date "2025.11.25"]
[Round "-"]
[White "altair"]
[Black "Mr_SPOCK"]
[Result "0-1"]
[WhiteElo "1774"]
[BlackElo "1750"]

1. e4 e5 2. Nf3 Nf6 3. a3 Bc5 4. h3 Nxe4 5. d4 Bb6 6. Be3 O-O 7. Bd3 d5 8. Nxe5
Qf6 9. Bxe4 dxe4 10. O-O Qh4 11. Kh2 c6 12. Nd2 Bc7 13. f4 exf3 14. Nxf3 Qf6 15.
Qd3 Bf5 16. Qe2 Nd7 17. c4 c5 18. Kh1 b6 19. Bg5 Qe6 20. Rfe1 Rae8 21. Qd2 Bxh3
22. Nd3 Bxg2+ 23. Kxg2 Qg4+ 24. Kf2 Bg3+ 25. Kf1 Re6 26. Rxe6 fxe6 27. Ne1 Nf6
28. Bxf6 Rxf6 29. Qg2 cxd4 30. Rd1 e5 31. Kg1 h5 32. Rd2 h4 33. Nxe5 Qf4 34.
N5f3 Rh6 35. Rxd4 Qc7 36. Qh3 Qc5 37. Kg2 Rg6 38. Rg4 Qf2+ 39. Kh1 Rxg4 40. Qxg4
Qf1+ 41. Ng1 Bxe1 42. Qg2 Qxc4 43. Nf3 Bg3 44. Ng1 Qb3 45. Nf3 g5 46. Nxg5 Qd1+
47. Qg1 Qd5+ 48. Qg2 Qxg5 49. Qa8+ Kf7 50. Qxa7+ Ke8 51. Qxb6 h3 52. Qc6+ Ke7
53. Qe4+ Be5 54. Qe2 Qc1+ 0-1

[Event "Challenge"]
[Site "http://www.queenalice.com/game.php?id=1866478"]
[Date "2025.12.3"]
[Round "-"]
[White "Mr_SPOCK"]
[Black "altair"]
[Result "1-0"]
[WhiteElo "1767"]
[BlackElo "1757"]

1. e4 e5 2. Bc4 Nf6 3. Nc3 a6 4. Nd5 Nxd5 5. Bxd5 d6 6. Qf3 Qe7 7. d3 a5 8. Bg5
f6 9. Bh4 c6 10. Bb3 a4 11. Bxf6 gxf6 12. Qh5+ Kd8 13. Bf7 Bd7 14. Nh3 Bxh3 15.
gxh3 Nd7 16. O-O-O Bg7 17. Bg6 Kc7 18. Bf5 Nb6 19. c4 Rag8 20. Kb1 Bf8 21. h4 d5
22. cxd5 cxd5 23. Rc1+ Kb8 24. exd5 Bg7 25. Qf3 Bh6 26. Rc2 Qd6 27. Be6 Rd8 28.
Qh5 Bf4 29. Qf7 Nxd5 30. Bxd5 Qxd5 31. Qc7+ Ka8 32. Rd1 Rc8 33. Qg7 Qe6 34. Rc3
Rxc3 35. bxc3 Qb6+ 36. Kc2 Rc8 37. c4 a3 38. Rb1 Qxf2+ 39. Kb3 Bd2 40. Ka4 Qa7+
41. Kb3 Qb6+ 42. Kc2 Qa5 43. Qxb7# 1-0

[Event "AUTO-ADV-4907"]
[Site "http://www.queenalice.com/game.php?id=1866627"]
[Date "2025.12.6"]
[Round "1"]
[White "altair"]
[Black "maurice916"]
[Result "1-0"]
[WhiteElo "1767"]
[BlackElo "1989"]

1. e4 c6 2. d4 d5 3. e5 Bf5 4. Nc3 e6 5. h4 h5 6. f3 c5 7. g4 hxg4 8. fxg4 Be4
9. Nxe4 dxe4 10. Be3 Rxh4 11. Bg2 Rxh1 12. Bxh1 Qh4+ 13. Bf2 Qxh1 14. dxc5 Nc6
15. Qe2 Qh6 16. Be3 g5 17. Rd1 a6 18. Kd2 Rd8+ 19. Kc1 Rxd1+ 20. Qxd1 Nxe5 21.
c3 Nd3+ 22. Kb1 e5 23. Ne2 Qc6 24. Bxg5 Bxc5 25. Ng3 Qb5 26. Qd2 f6 27. Bh4 Be3
28. Qc2 Bf2 29. Nxe4 Bxh4 30. Nd6+ 1-0

[Event "AUTO-ADV-4907"]
[Site "http://www.queenalice.com/game.php?id=1866628"]
[Date "2025.12.6"]
[Round "1"]
[White "maurice916"]
[Black "altair"]
[Result "1-0"]
[WhiteElo "2026"]
[BlackElo "1768"]

1. Nf3 d6 2. b3 e5 3. d3 h6 4. Bb2 Nc6 5. e4 Nf6 6. Nbd2 Be7 7. Be2 O-O 8. O-O
a6 9. Nc4 b5 10. Ne3 Ng4 11. d4 Nxe3 12. fxe3 Bf6 13. d5 Na7 14. c4 bxc4 15.
bxc4 c6 16. Bd3 cxd5 17. exd5 Bd7 18. c5 Re8 19. cxd6 Nb5 20. e4 Nxd6 21. Qe2 a5
22. Nd2 Rb8 23. Rab1 a4 24. Nf3 1-0

[Event "AUTO-ADV-4907"]
[Site "http://www.queenalice.com/game.php?id=1866630"]
[Date "2025.12.6"]
[Round "1"]
[White "Carlos19"]
[Black "altair"]
[Result "0-1"]
[WhiteElo "1717"]
[BlackElo "1776"]

1. e4 e5 2. Nf3 d6 3. Nc3 a6 4. a4 h6 5. Bc4 Be7 6. Nd5 Nf6 7. d3 c6 8. Nxe7
Qxe7 9. h3 O-O 10. O-O b5 11. axb5 cxb5 12. Bb3 Nh7 13. Bd5 Ra7 14. c4 bxc4 15.
Bxc4 Nc6 16. Be3 Ra8 17. Bd5 Bd7 18. Qb3 Rab8 19. Qa3 Nb4 20. Rac1 Qd8 21. Rc4
a5 22. Nh4 Qxh4 23. Qxa5 Nxd5 24. Qxd5 Be6 25. Qxd6 Bxc4 26. dxc4 Qxe4 27. c5
Rfd8 28. Qa6 Rxb2 29. Qa3 Rdb8 30. f3 Qg6 31. g4 Ng5 32. Bxg5 Qxg5 33. c6 Qd2
0-1

[Event "AUTO-ADV-4907"]
[Site "http://www.queenalice.com/game.php?id=1866631"]
[Date "2025.12.6"]
[Round "1"]
[White "altair"]
[Black "carlitomontana93270"]
[Result "0-1"]
[WhiteElo "1786"]
[BlackElo "1942"]

1. e4 c5 2. d3 e6 3. Nc3 g6 4. a3 Bg7 5. Bd2 d6 6. Nf3 Nf6 7. h3 O-O 8. Be2 Nc6
9. O-O Re8 10. Bf4 Nh5 11. Bg3 Nxg3 12. fxg3 Qe7 13. Rb1 b6 14. Nb5 a6 15. Nc3
Bb7 16. b4 cxb4 17. axb4 b5 18. Na2 e5 19. c4 bxc4 20. dxc4 Nd4 21. Nc3 Nxe2+
22. Qxe2 Bc6 23. b5 axb5 24. cxb5 Bb7 25. Nd2 Rac8 26. Qd3 Qc7 27. Nd5 Bxd5 28.
exd5 Qc5+ 29. Kh2 Rb8 30. Ne4 Qb6 31. Rfc1 f5 32. Nd2 e4 33. Qe3 Qxe3 0-1

[Event "AUTO-ADV-4907"]
[Site "http://www.queenalice.com/game.php?id=1866632"]
[Date "2025.12.6"]
[Round "1"]
[White "carlitomontana93270"]
[Black "altair"]
[Result "1-0"]
[WhiteElo "1954"]
[BlackElo "1790"]

1. c4 e5 2. d3 d6 3. g3 Nf6 4. Bg2 h6 5. Nf3 Be7 6. O-O O-O 7. Nc3 Nc6 8. Bd2 a6
9. a3 Na7 10. Re1 c6 11. Qc2 b5 12. cxb5 cxb5 13. b4 Nd7 14. Nd5 Bb7 15. Nxe7+
Qxe7 16. Rac1 d5 17. Qc7 Rab8 18. Qc2 Rfc8 19. Qb2 e4 20. dxe4 dxe4 21. Nh4 Nf6
22. Be3 Nc6 23. Nf5 Qe6 24. Bh3 Qe5 25. Qb1 Rd8 26. Bf4 Qd5 27. Bxb8 Nxb8 28.
Ne7+ Kh8 29. Nxd5 Rxd5 30. Red1 1-0

[Event "Challenge"]
[Site "http://www.queenalice.com/game.php?id=1866774"]
[Date "2025.12.8"]
[Round "-"]
[White "jogo"]
[Black "altair"]
[Result "1-0"]
[WhiteElo "1902"]
[BlackElo "1776"]

1. e4 e5 2. Nf3 d6 3. d4 Nc6 4. dxe5 dxe5 5. c3 Nf6 6. Qxd8+ Nxd8 7. Nxe5 h6 8.
Bb5+ Bd7 9. Bxd7+ Nxd7 10. Nxd7 Kxd7 11. O-O Ne6 12. Rd1+ Ke7 13. b3 f6 14. f4
Rd8 15. Rxd8 Nxd8 16. Ba3+ Kf7 17. Bxf8 Rxf8 18. Nd2 Ne6 19. f5 Nc5 20. b4 Na4
21. c4 Re8 22. a3 Rd8 23. Nf3 Nb2 24. Rc1 Rd1+ 25. Rxd1 Nxd1 26. Nd4 Ne3 27. c5
b6 28. Nb5 Nc4 29. a4 a5 30. bxa5 Nxa5 31. cxb6 cxb6 32. Nd6+ Ke7 33. Nc8+ Kd7
34. Nxb6+ Kd6 35. Kf2 Ke5 36. Kf3 Nb3 37. Ke3 Nc5 38. Nc4# 1-0

[Event "Challenge"]
[Site "http://www.queenalice.com/game.php?id=1866775"]
[Date "2025.12.8"]
[Round "-"]
[White "altair"]
[Black "jogo"]
[Result "1-0"]
[WhiteElo "1765"]
[BlackElo "1888"]

1. e4 c5 2. d3 Nc6 3. Nf3 d6 4. h3 h6 5. Be2 f5 6. Nc3 fxe4 7. dxe4 Nf6 8. a3 a6
9. b3 e6 10. Bb2 Be7 11. O-O O-O 12. Qd2 Ne8 13. Qe3 Nc7 14. Nh2 d5 15. exd5
exd5 16. Qg3 Bd6 17. Qd3 Be6 18. Bc1 Ne5 19. Qd1 b5 20. f4 Nc6 21. Bg4 Bxg4 22.
Nxg4 d4 23. Ne4 h5 24. Nh2 Ne8 25. Qxh5 Nf6 26. Qf3 Nxe4 27. Qxe4 Qc7 28. Ng4
Rae8 29. Qd5+ Kh7 30. Qh5+ Kg8 31. f5 Qf7 32. Qh4 Ne5 33. Bh6 Nxg4 34. Qxg4 Kh7
35. Bd2 Qd5 36. Qg6+ Kh8 37. c4 bxc4 38. bxc4 Be5 39. cxd5 Rf6 40. Qxe8+ Rf8 41.
Qxe5 1-0

[Event "Challenge"]
[Site "http://www.queenalice.com/game.php?id=1867113"]
[Date "2025.12.17"]
[Round "-"]
[White "altair"]
[Black "jogo"]
[Result "0-1"]
[WhiteElo "1758"]
[BlackElo "2010"]

1. e4 c5 2. Nc3 a6 3. d3 e6 4. Nf3 d5 5. Bd2 d4 6. Ne2 Nc6 7. Nf4 g5 8. Nh3 g4
9. Nxd4 gxh3 10. Nxc6 bxc6 11. g3 e5 12. Qh5 Nf6 13. Qxe5+ Be6 14. Bc3 Bg7 15.
Qxc5 Rc8 16. f4 Nd7 17. f5 Nxc5 0-1

[Event "Challenge"]
[Site "http://www.queenalice.com/game.php?id=1867396"]
[Date "2025.12.27"]
[Round "-"]
[White "altair"]
[Black "Mr_SPOCK"]
[Result "0-1"]
[WhiteElo "1781"]
[BlackElo "1812"]

1. e4 e5 2. a3 Nf6 3. d3 g6 4. h3 Nc6 5. Nf3 Bg7 6. b4 O-O 7. Bb2 d6 8. b5 Na5
9. Be2 a6 10. O-O Bxh3 11. gxh3 Qd7 12. Kh2 Nh5 13. d4 Nf4 14. bxa6 Qxh3+ 0-1

[Event "Challenge"]
[Site "http://www.queenalice.com/game.php?id=1867605"]
[Date "2026.1.7"]
[Round "-"]
[White "Mr_SPOCK"]
[Black "altair"]
[Result "1-0"]
[WhiteElo "1829"]
[BlackElo "1770"]

1. e4 e5 2. Qh5 d6 3. Bc4 Qd7 4. d3 Nf6 5. Qf3 h6 6. Nc3 c6 7. b4 Be7 8. Bxh6
gxh6 9. Nge2 d5 10. exd5 Bxb4 11. dxc6 Qxc6 12. Bb5 Qxb5 13. O-O Bxc3 14. Nxc3
Qa5 15. Qxf6 Rg8 16. Ne4 Nd7 17. Nd6+ Kf8 18. Qxf7# 1-0

[Event "AUTO-ADV-4911"]
[Site "http://www.queenalice.com/game.php?id=1867618"]
[Date "2026.1.7"]
[Round "1"]
[White "Daniel1962"]
[Black "altair"]
[Result "1-0"]
[WhiteElo "1792"]
[BlackElo "1786"]

1. e4 e5 2. Nf3 d6 3. Bc4 Nf6 4. d3 c6 5. Ng5 Qd7 6. Nd2 d5 7. exd5 a5 8. dxc6
Nxc6 9. Bxf7+ Kd8 10. Bb3 Nd5 11. Qf3 e4 12. Ndxe4 Ne5 13. Qg3 h6 14. Qxe5 hxg5
15. Bxd5 Bd6 16. Nxd6 Ra6 17. Nf7+ 1-0